| 000 | 01106naa a22003137a 4500 | ||
|---|---|---|---|
| 001 | BR6009223 | ||
| 003 | BR-BrBNA | ||
| 005 | 20240918172954.0 | ||
| 007 | ta | ||
| 008 | 230509b bl.||||| |||| 00| 0 por d | ||
| 040 |
_aBR-BrBNA _bpor _cBiblioteca Nacional de Agricultura |
||
| 041 | _a(Pt) | ||
| 072 |
_aF28 _b/G514 |
||
| 090 | _aF28 BR6009223 | ||
| 100 | 1 | _aMotta, L.M. | |
| 100 | 1 | _aVianna, J.R. | |
| 111 | 1 |
_a1. Congresso Nacional de Conservacao do Solo _cCampinas, SP (Brazil) _d17 Jul 1960 |
|
| 245 | 1 | _aDemonstracao conservacionista no estado do Rio de Janeiro | |
| 260 | 3 |
_aSao Paulo, SP (Brasil): _c1960. |
|
| 500 | _aAnais do 1. Congresso Nacional de Conservacao do Solo Sao Paulo, SP (Brasil): 1960. p. 445-453 (BR6009223-AM)F28 | ||
| 650 | _aRecuperacao do solo | ||
| 650 | _aConservacao do solo | ||
| 650 | _aCultivo do solo | ||
| 650 | _aAgua do solo | ||
| 650 | _aRio de Janeiro | ||
| 773 | 0 |
_tAnais do 1. Congresso Nacional de Conservacao do Solo _wF28 BR6009223 _gSao Paulo, SP (Brasil), 1960. p. 445-453 |
|
| 909 |
_a202404 _bLucia _c55 _dLucia Elande |
||
| 942 |
_cAM _2AGRIS |
||
| 999 |
_c302323 _d302323 |
||